• 首页
  • 本馆介绍
  • 公告通知
  • 最新文献
  • 馆藏检索
  • 电子资源
  • 读者导购
  • 参考咨询
  • 我的图书馆
  • 登录
  • 详细信息显示
  • 放入我的书架
  • 预约/预借图书
  • 作者相关作品
  • 分类相关作品
  • 丛书相关作品
  • 出版社相关作品

书目信息

  • 表格格式
  • 工作单格式
  • 卡片格式
题名:
品牌设计
    
 
作者: 陈云岗 著
分册:  
出版信息: 北京   中国人民大学出版社  2004
页数: 17,234页
开本: 23cm
丛书名: 品牌经营工具箱丛书
单 册:
中图分类: F273.2 , F270
科图分类:
主题词: 企业管理 , 企业管理--产品开发
电子资源:
ISBN: 7-300-06086-2
000 00950nam0 2200301 450
000 00947nam0 2200289 450
000 00878nam0 2200265 450
000 00842oam2 2200253 45
005 20070725105558.51
010    @a7-300-06086-2@dCNY40.00
100    @a20070719d2004 em y0chiy0120 ea
101 0  @achi
102    @aCN@b110000
105    @ay z 000yy
200 1  @a品牌设计@APin Pai She Ji@f陈云岗著@FChen Yun Gang Zhu
210    @a北京@c中国人民大学出版社@d2004
215    @a17,234页@d23cm
225 2  @a品牌经营工具箱丛书
330    @a本书共分四章,内容包括:战略性设计的价值、品牌识别设计、品牌产品设计和品牌空间设计,阐释了战略品牌设计的基本方法。
410  0 @12001 @a品牌经营工具箱丛书
510 1  @aBrand Design@zeng
606 0  @a企业管理
606 0  @a企业管理@x产品开发
690    @aF273.2@v4
690    @aF270@v3
701  0 @a陈云岗@AChen Yun Gang@4著
801  0 @aCN@bTAOJIN@c20070725
905    @a10447@dF270@e597:3
    
    品牌设计/陈云岗著.-北京:中国人民大学出版社,2004
    17,234页;23cm.-(品牌经营工具箱丛书 )
    
    
    ISBN 7-300-06086-2:CNY40.00
    本书共分四章,内容包括:战略性设计的价值、品牌识别设计、品牌产品设计和品牌空间设计,阐释了战略品牌设计的基本方法。
●
相关链接 在E读中查询图书 在五车中查询图书 在当当中查询图书 在豆瓣中查询图书


正题名:品牌设计     索取号:F270/597:3         预约/预借

序号 登录号 条形码 馆藏地/架位号 状态 备注
1 0824876   208248760   第一样本阅览室/ [索取号:F270/597:3] 在馆    
2 0824877   208248779   密集书库/ [索取号:F270/597:3] 在馆    
3 0824878   208248788   第一借阅区/ [索取号:F270/597:3] 在馆    
4 0824879   208248797   第一借阅区/ [索取号:F270/597:3] 在馆    
5 0824880   208248804   密集书库/ [索取号:F270/597:3] 在馆    
6 0824881   208248813   密集书库/ [索取号:F270/597:3] 在馆    
7 0824882   208248822   第一借阅区/ [索取号:F270/597:3] 在馆    
8 0824883   208248831   密集书库/ [索取号:F270/597:3] 在馆    
唐山师范学院图书馆 欢迎您!
大连网信软件有限公司© 版权所有